Statistics for Geoguessr: Easy difficulty

Click here to take the quiz!

General Stats

  • This quiz has been taken 188 times
  • The average score is 5 of 10

Answer Stats

Answer% Correct
Japan
89%
Italy
65%
Monaco
61%
Australia
48%
Senegal
43%
United States
39%
Brazil
38%
Singapore
31%
Lesotho
28%
Czechia
19%

Score Distribution

Percentile by Number Answered

Percent of People with Each Score

Your Score History

You have not taken this quiz